| 000 | 00341 a2200109 4500 | ||
|---|---|---|---|
| 001 | ART_11111 | ||
| 005 | 20260410161732.0 | ||
| 008 | 260409a | ||
| 245 | 1 | 0 | _aEl presupuesto es la regla de juego por excelencia |
| 100 | 1 | _aMachinea, José Luis | |
| 773 | 0 |
_tEjecutivos de finanzas _g- Año 5, Nº 42 (nov. 1987) _wREV2863 |
|
| 999 |
_c17975 _d17975 |
||